000 00498nam a22001577a 4500
005 20251015092335.0
008 251015b |||||||| |||| 00| 0 eng d
020 _a978-0-19-954908-5
040 _aNational Science Library
_cNational Science Library
080 _aD 001.818
_bQ0
100 _aIssever, Cigdem
245 _aPresenting science:
_bA practical guide to giving a good talk
260 _aUnited States:
_bOxford University Press Inc.,
_c2010
300 _ax, 120p.
942 _2udc
_cBK
999 _c67841
_d67841